000 00676nam a2200217Ii 4500
003 JO-AjNU
008 230605s9999||||xx |||||||||||||| ||und||
017 _a1983/2/73
040 _aJO-AjNU
_bara
_erda
_cJO-AjNU
041 _aara
050 1 4 _aHF 5655 .S5288 1984
100 3 _aشهوان، محمد سعيد,
_eauthor
_940463
245 0 0 _aالطرق المحاسبية والحسابات الاجمالية
250 _aط مزيدة ومنقحة
264 3 1 _aعمان: المؤلف، 1984
300 _a138ص
336 _atext
_btxt
_2rdacontent
337 _aunmediated
_bn
_2rdamedia
338 _avolume
_bnc
_2rdacarrier
650 4 _aالمحاسبة
_940464
999 _aA17174
_c20742
_d20742